Úvod
Úvod k súboru sociologických štúdií Mládež a armáda. Cieľ monografie - charakterizovať vybrané a významné aspekty vzťahu mládeže a armády v súčasných podmienkach spoločenského života a vývoja. Otázky vzťahu mládeže k armáde a k jej pôsobeniu, záujmu mládeže o profesionálnu službu a pohľad mladých n...
Gespeichert in:
| 1. Verfasser: | |
|---|---|
| Weitere Verfasser: | |
| Format: | Buchkapitel |
| Sprache: | Slowakisch |
| Schlagworte: | |
| Tags: |
Keine Tags, Fügen Sie das erste Tag hinzu!
|
MARC
| LEADER | 00000naa$a2200000$$$4500 | ||
|---|---|---|---|
| 001 | 0058607 | ||
| 005 | 20240502071645.1 | ||
| 041 | 0 | |a slo | |
| 044 | |a SK | ||
| 245 | 1 | 0 | |a Úvod |c Karol Čukan, František Škvrnda |
| 520 | |a Úvod k súboru sociologických štúdií Mládež a armáda. Cieľ monografie - charakterizovať vybrané a významné aspekty vzťahu mládeže a armády v súčasných podmienkach spoločenského života a vývoja. Otázky vzťahu mládeže k armáde a k jej pôsobeniu, záujmu mládeže o profesionálnu službu a pohľad mladých na bezpečnosť a hrozby existujúce v súčasnom svete. Problematika bezpečnostného prostredia a bezpečnostných hrozieb. | ||
| 610 | 2 | 0 | |a armáda |
| 610 | 2 | 0 | |a sily ozbrojené |
| 610 | 2 | 0 | |a vojaci |
| 610 | 2 | 0 | |a mládež |
| 610 | 2 | 0 | |a bezpečnosť |
| 610 | 2 | 0 | |a komunikácia |
| 610 | 2 | 0 | |a motivácia |
| 610 | 2 | 0 | |a sociológia |
| 610 | 2 | 0 | |a spoločnosť |
| 100 | 1 | |a Čukan, Karol | |
| 700 | 1 | |a Škvrnda, František | |